000 00910nam a22001937a 4500
003 BR-ViAPE
005 20260422123726.0
008 260422s1918 por gs||||s000 0 por d
040 _cBR-ViAPE
110 _aEspírito Santo
_bEstado
245 _aMensagem dirigida pelo Presidente do Estado do Espírito Santo, Dr. Bernardino de Souza Monteiro, ao Congresso Legislativo, em sua 3ª sessão ordinaria da 9ª legislatura
260 _aVitória
_b[s.n.]
_c1918
300 _a83 p.
_bDocumento digitalizado (PDF)
500 _aDocumento digitalizado do acervo institucional do Arquivo Público do Estado do Espírito Santo - APEES.
650 _aAdministração pública
_zEspírito Santo
651 _aEspírito Santo
_xAdministração pública
856 _uhttps://ape.es.gov.br/Media/ape/PDF/Mensagens/Mensagem-2024/Mensagem%20-%20ano%201918.pdf
_yCLIQUE AQUI PARA ACESSAR O DOCUMENTO
942 _2ddc
_cMSGREL
_n1
999 _c554
_d554